000
00313nam a22001337a 4500
008
170526b xxu||||| |||| 00| 0 eng d
020
_a
9027705062
041
_a
eng
080
_a
004
100
_a
27
101
_a
SHKI
245
_a
COMINATIORAL PROGRAMMING METHODS AND APPLICATIONS
_c
ROY. B
942
_2
udc
_c
BK
999
_c
14491
_d
14491